Základné parametre Vesmíru

Bibliographic Details
Main Author: Skalský, Vladimír (Author)
Format: Article
Language:Slovak
PhysicalDescription:Lit. 8 zázn. v angl., nem.
ISBN:8022706574
Subjects:

MARC

LEADER 00000nab a2200000 a 4500
001 vtls000543587
003 SK-MaSNL
005 20260304094919.0
008 250425c1993 xo 0 slo
015 |a SNBRA19rr/mm-uuuuu 
035 |a CL0543725 
035 |a urn:nbn:sk:snk-ab9g5m 
035 |a (urnnbn)urn:nbn:sk:snk:ar-a08dch 
035 |a (uuid)dcb4db17-2097-431c-a663-5c744782b5cc 
040 |a SNKBUCL  |b slo  |c SNKBUCL  |e AACR2 
041 0 |a slo 
044 |a xo  |c SK 
080 |a 524.8-16  |2 1981 
100 1 |a Skalský, Vladimír  |4 aut  |9 488156 
245 1 0 |a Základné parametre Vesmíru  |c Vladimír Skalský 
300 |b Lit. 8 zázn. v angl., nem. 
650 0 7 |a vesmír  |2 snkbucl  |9 1770 
655 7 |a články zo zborníkov  |2 snkbucl  |9 166140 
773 0 |t Zborník vedeckých prác Materiálovotechnologickej fakulty Slovenskej technickej univerzity v Bratislave. Zv. 1  |d Bratislava : STU, 1993  |g S. 188-192  |z 8022706574 
850 |a Slovenská národná knižnica 
852 |a Slovenská národná knižnica 
954 |a odborná, vedecká literatúra pôvodná (slovenská)  |2 lita 
958 |a article13 
958 |a OND 
958 |a NB 
958 |a RK 
958 |a EUIPO 
992 |a RZB 
999 |c 2829651  |d 2831581